| 000 | 00772nam a2200241 i 4500 | ||
|---|---|---|---|
| 001 | 77923 | ||
| 003 | ES-MaACL | ||
| 005 | 20250528063009.0 | ||
| 007 | t| | ||
| 008 | 041115s1975 sp ||||1| spa d | ||
| 020 | _a84-379-0084-4 | ||
| 080 | _a929 Franco Bahamonde, Francisco | ||
| 100 |
_aOneto, José _9180463 |
||
| 245 | 1 | 0 |
_a100 días en la muerte de Francisco Franco / _cJosé Oneto. |
| 246 | 3 | _aCien días en la muerte de Francisco Franco | |
| 260 |
_aMadrid : _bFelmar, _c1975. |
||
| 300 |
_aXVIII, 7-326 p., 3 h. de lám. : _bil. ; _c19 cm. |
||
| 490 | 1 |
_aPunto crítico ; _v6 |
|
| 600 | 1 | 4 |
_aFranco Bahamonde, Francisco, _d1892-1975 _952240 |
| 830 | 1 |
_aPunto crítico ; _v6 _9231374 |
|
| 852 | 4 |
_aES-MaACL _jE-10388 |
|
| 999 |
_c77923 _d77923 |
||